MDQL
is popping MORE tags! Check the
thread
!
Quizzes
Events
Quiz Creation
Community
Videos
Private Events
Remove Ads
Sign In
Join for FREE
Feedback
Dark Mode
Quiz Categories
Sports
Geography
Music
Movies
Television
Just For Fun
Miscellaneous
History
Literature
Language
Science
Gaming
Entertainment
Religion
Holiday
For Kids
Quiz Lab
Recent
Popular Today
Quiz Kudos Today
Editor Picks
Curator Picks
Quizzes by...
Day
Popularity
Type
Ratings
Length
Year
Community
Subscriptions
Recent Discussions
Orange Saloon
Badges
Playlists
Quests
Create
Leaderboards
Showdown
Live 5
Trivia Bingo
Activity
Puzzle Library
Sporcle Events
Private Events
Virtual Trivia
Globe League
Become a Host
Pub Owners
SporcleCon
Opinionation
Our Games
Videos
Blog
Mobile Apps
Partnerships
Remove Ads and Go Orange
Feedback
Television
TV Characters
TV Show
Sitcom
Network
Friends
Reality Shows
Cast
South Park
Star Trek
The Simpsons
Doctor Who
Television
TV Characters
TV Show
Sitcom
Network
Friends
Reality Shows
Cast
South Park
Star Trek
The Simpsons
Doctor Who
Random Quiz
Search Sporcle
×
Curator Pick
Curator Pick
Television
Reality Shows
Type in answers that appear in a list
Type in answers that appear in a list
Classic
Best Score? Go Orange.
American Idol A-Z Stats
Can you name the American Idol finalist who had the best place finish for each letter?
By
maxkirk1
6m
24 Questions
725 Plays
725 Plays
725 Plays
Comments
Comments
Give Quiz Kudos
Give Quiz Kudos
-
- Ratings
hide this ad
Replay
Link that replays current quiz
Next Quiz
Link to next quiz in quiz playlist
You Got
0%
They Got
Avg Score
53%
Avg Friend Score
Upgrade to see
Score Distribution
Jump to the score distribution portion of the page
Score
0/24
Timer
06:00
0
Plays Today
Letter
American Idol Finalist
% Correct
K
Kelly Clarkson, Kris Allen
96.8%
C
Carrie Underwood, Candice Glover, Caleb Johnson, Chase Beckham
94.3%
F
Fantasia Barrino
87%
D
David Cook
85.4%
R
Ruben Studdard
83.3%
B
Bo Bice, Blake Lewis
83.2%
J
Jordin Sparks
82.9%
A
Adam Lambert, Alejandro Aranda, Arthur Gunn
80.8%
T
Taylor Hicks, Trent Harmon
80.4%
L
Lee DeWyze, Laine Hardy
74.6%
I
Iam Tongi
65%
S
Scotty McCreery, Just Sam
64.6%
Letter
American Idol Finalist
% Correct
P
Phillip Phillips
59.9%
E
Elliott Yamin
54.1%
V
Vonzell Solomon
49.9%
M
Maddie Poppe
47%
N
Nick Fradiani, Noah Thompson
46.5%
G
Gabby Barrett, Grace Kinstler
40.6%
H
HunterGirl
40.4%
Q
Quentin Alexander
38.6%
U
Uché
30.4%
W
Willie Spence
10.3%
O
Oliver Steele
9.9%
Z
Zachariah Smith
4.9%
Quiz Playlist
Details
Report
Send in Message
Add To Playlist
Classic:
Type in answers that appear in a list
Last Updated: May 22, 2023
Curator Pick in
Reality Shows
Quiz Scoreboard
CHALLENGE
Sign Up to Join the Scoreboard
Show All
Scores
Hide
Comments
May contain spoilers
Recently Published
Holiday 10x10 Sorting Gallery
by lukepisani3
Holiday
15m
Two Season TV Shows II
by 123Four
Television
10m
Image Sorting: Flags VI
by Barbecue
Geography
2m
More to Explore
Quiz From the Vault
Featured Blog Post
14 Easter Pick-up Lines to Find Eggs With
hide this ad
You Might Also Like...
Tags
Letter Quiz
Reality Shows Quiz
A-Z
America
American Idol
finalist
finish
idol
place
Today's Top Quizzes in Television
Browse Television
hide this ad
Today's Top Quizzes in Reality Shows
Browse Reality Shows
Top Contributed Quizzes in Television
1
Survivor Journey Challenge
2
Even More Two Season TV Shows
3
Adjectives in 00s TV Shows
4
Even More Three Season TV Shows
5
One Season TV Shows
6
Survivor Logic Puzzle: Heroes vs. Villains
7
Adjectives in 10s TV Shows
8
More One Season TV Shows
9
One Piece Logic Puzzle
10
Even More One Season TV Shows
Explore More
Trending Topics
Harry Potter
Marvel
Crossword
Anime
NBA
Disney
Kpop
Song
Soccer
The Office
Country
WWE
NFL
Puzzle
Pokémon
hide this ad
More By:
maxkirk1
Quiz
Plays
Rating
Category
Featured
Created
American History (A-Z)
225,873
4.31
History
Mar 27, 2010
Survivor contestants by clothing
15,417
4.73
Television
Mar 3, 2015
Name any Survivor contestant who...
11,517
4.62
Television
Sep 7, 2011
Survivor Word Ladder II
3,641
3.63
Television
Jun 1, 2015
The Office - Obscure Characters
2,607
4.50
Television
Jan 8, 2010
Go to Creator's Profile
Score Distribution
Quiz Creator Spotlight
maxkirk1
Follow
Send a Message
Quizzes Created
-
Created Quiz Play Count
-
More By This Creator
Popular Quizzes Today
1
Find the US States - No Outlines Minefield
2
Colored Red Africa Blitz
3
Find the 'City' Movie
4
The Countries of the World
5
Find the US States
6
5x2 Blitz: Bands
7
Find the Countries of Europe - No Outlines Minefield
8
US States
More Television Quizzes
British Celebrity TV Chefs
Curator's Pick
Trending Quizzes
Colored Red Europe Blitz I
Colored Red Europe Blitz II
Colored Red Africa Blitz II
Colored Red Europe Blitz III
Colored Red Africa Blitz III
Recently Updated
Odd Team Out - Big 4 Players
pecheneg
Quick Pick: 20 Twenties
pecheneg
March Madness Men's Triple Doubles
pecheneg
How Do You Spell That?
pecheneg
Godzilla Movies
pecheneg
Grab Bag: 4-10 Letters
pecheneg
2024 March Madness Bracket
pecheneg
Famous TV Couples
Peacemaker
Champions League XIs: Real Madrid
pecheneg
Largest US Cities 1790-2010
pecheneg
Trending Topics
Marvel
Anime
NBA
Kpop
Crossword
Disney
Harry Potter
WWE
Soccer
Song
The Office
Puzzle
Pokémon
Country
NFL
Your Account Isn't Verified!
In order to create a playlist on Sporcle, you need to verify the email address you used during registration. Go to your
Sporcle Settings
to finish the process.
Report this User
Report this user for behavior that violates our
Community Guidelines
.
Details:
Send Report
Go to the Sporcle.com Mobile Site →
Comments